Online
Catalog

Hispanoamericanos. / (Record no. 8014)

MARC details
000 -CABECERA
campo de control de longitud fija 00869cam a2200229 a 4500
001 - NÚMERO DE CONTROL
campo de control 000008243
005 - FECHA Y HORA DE LA ÚLTIMA TRANSACCIÓN
campo de control 20240306073909.0
008 - DATOS DE LONGITUD FIJA--INFORMACIÓN GENERAL
campo de control de longitud fija 751125s1953 cu 000 e spa c
040 ## - FUENTE DE LA CATALOGACIÓN
Centro catalogador/agencia de origen DO-SdBNP
Centro/agencia transcriptor FU
Centro/agencia modificador DLC
082 ## - NÚMERO DE LA CLASIFICACIÓN DECIMAL DEWEY
Número de clasificación Cu864.2
Número de documento/Ítem M378h
100 1# - ENTRADA PRINCIPAL--NOMBRE DE PERSONA
Nombre de persona Martí, José,
Fechas asociadas al nombre 1853-1895
9 (RLIN) 645
245 10 - MENCIÓN DE TÍTULO
Título Hispanoamericanos. /
Mención de responsabilidad, etc. José Martí ; prólogo por Manuel I. Mesa Rodríguez.
260 ## - PUBLICACIÓN, DISTRIBUCIÓN, ETC.
Lugar de publicación, distribución, etc. Habana,(Cuba) :
Nombre del editor, distribuidor, etc. Oficina del Historiador de la Ciudad,
Fecha de publicación, distribución, etc. 1953.
300 ## - DESCRIPCIÓN FÍSICA
Extensión 127 p. ;
Dimensiones 23cm.
490 1# - MENCIÓN DE SERIE
Mención de serie Colección del centenario de Martí
Designación de volumen o secuencia 4
651 #4 - PUNTO DE ACCESO ADICIONAL DE MATERIA--NOMBRE GEOGRÁFICO
Nombre geográfico America Latina
Subdivisión general Vida Social Y Costumbres
9 (RLIN) 22357
651 #4 - PUNTO DE ACCESO ADICIONAL DE MATERIA--NOMBRE GEOGRÁFICO
Nombre geográfico America Latina
Subdivisión general Política Y Gobierno
9 (RLIN) 2618
651 #4 - PUNTO DE ACCESO ADICIONAL DE MATERIA--NOMBRE GEOGRÁFICO
Nombre geográfico América Latina
Subdivisión de forma BIOGRAFÍA
9 (RLIN) 22358
700 1# - PUNTO DE ACCESO ADICIONAL--NOMBRE DE PERSONA
Nombre de persona Mesa Rodríguez, Manuel I.,
Término indicativo de función/relación pról.
9 (RLIN) 22359
830 #0 - PUNTO DE ACCESO ADICIONAL DE SERIE-TÍTULO UNIFORME
Título uniforme Colección del centenario de Martí ;
Designación de volumen o secuencia 4
9 (RLIN) 22360
910 ## - DATOS DE OPCIÓN DEL USUARIO (OCLC)
Datos de opción del usuario Catalogación por copia / LC
Holdings
Estado de retiro Estado de pérdida Restricciones de uso No para préstamo Código de colección Localización permanente Ubicación/localización actual Ubicación en estantería Fecha de adquisición Número de inventario Total de préstamos Signatura topográfica completa Código de barras Fecha visto por última vez Precio válido a partir de Tipo de ítem Koha
    Préstamo interno   Monografías: Libros y Folletos General General En catalogación 15.09.2009 LF1   Cu864.2 M378h 8243-10 25.06.2020 25.06.2020 Préstamo interno

Powered by Koha